Quiz sur la Grèce antique - Difficile - Statistiques

Statistiques générales
  • Ce quiz a été pris 62 fois
  • Le résultat moyen est 6 sur 15
Statistiques - réponses
Indice Réponse % Correct
Philosophe grec ayant été le maître d’Alexandre le Grand Aristote
90%
Alliance militaire entre les cités grecques créée à la fin des guerres médiques Ligue de Délos
76%
Bataille navale a opposé les Grecs aux Perses en 480 av. J.-C. Bataille de Salamine
63%
Port de la cité d'Athènes Pirée
55%
Assemblée restreinte de citoyens chargés des lois de la cité, qui contient 500 membres Boulè
51%
Nom donné à l’expulsion d’un citoyen d’Athènes pour dix ans par vote à l’Ecclésia Ostracisme
51%
Colonne sans base, à chapiteau simple en échine et abaque Ordre dorique
37%
Fêtes religieuses en l’honneur d’Athéna, comportant une procession et des concours Les Grandes Panathénées
33%
Lieu où les Athéniens rendaient la justice, tribunal populaire, ayant sa création attribuée à Solon Héliée
29%
Temps d'instruction civique et militaire d'une durée de deux ans destiné aux jeunes gens de dix-huit à vingt ans, à Athènes. Éphébie
20%
Conseil des Anciens / Conseil oligarchique des Eupatrides / Colline d'Athènes Aréopage
18%
Directoire de cinq magistrats annuels de Sparte, chargés du contrôle des rois Éphores
16%
Tunique féminine de style dorien Péplos
16%
Alliance militaire entre plusieurs cités grecques Symmachie
12%
Colonie grecque antique, « éloignement du foyer » Apoikia
6%
Aucun quiz correspondant
Distribution des résultats
% des personnes avec chaque résultat
Percentile par nombre de réponses
Votre historique - résultats
Vous n’avez pas pris ce quiz